=LDR 00000nam 2200000 4500 =001 INLIS000000000049366 =005 20170213092323.0 =006 =007 =008 =020 ##$$a 978-979-057-948-4 =035 ##$$0010-021700000000158 =040 ##$$a NBPDMAT =082 ##$$a 912.595 832 =090 ##$$a R.912.959 832 $bPet p =245 ##$$a Peta tematik 33 Provinsi Indonesia Provinsi Kalimantan Barat $c/ Tim Indobook =250 ##$$a Cet. 1 =260 ##$$a Bogor $b IndoBook Citra Media $c 2008 =300 ##$$a 60 hlm. : $b ilus. ; $c 30 cm =650 ##$$a Peta - Kalimantan Barat =850 ##$$a NBPDMAT =990 ##$$a 21606154 =990 ##$$a 21606155 =990 ##$$a 21606156